Loading...
| Literature - British | 0 | 6 | 0 | 1 | 60 | 68 | 95.00 | 0 | 4 | 12.26 | 36.11 |
| Literature - European | 0 | 6 | 0 | 0 | 60 | 34 | 64.83 | 4 | 5 | 29.94 | 51.11 |
| Literature - World | 0 | 5 | 0 | 0 | 50 | 52 | 71.60 | 2 | 4 | 21.13 | 41.11 |
| Literature - American | 0 | 4 | 2 | 0 | 30 | 51 | 73.25 | 1 | 4 | 15.39 | 27.22 |
| Mythology | 0 | 2 | 0 | 0 | 20 | 70 | 72.00 | 0 | 1 | 7.80 | 10.56 |
| Science - Physics | 0 | 1 | 0 | 0 | 10 | 28 | 28.00 | 0 | 1 | 8.33 | 6.67 |
| Fine Arts - Classical Music | 0 | 1 | 0 | 0 | 10 | 90 | 90.00 | 0 | 0 | 2.49 | 2.22 |
| History - Other | 0 | 1 | 0 | 0 | 10 | 57 | 57.00 | 0 | 1 | 5.41 | 6.67 |
| Current Events | 0 | 1 | 0 | 0 | 10 | 45 | 45.00 | 1 | 1 | 11.09 | 20.00 |
| Painting/Sculpture | 0 | 1 | 0 | 0 | 10 | 49 | 49.00 | 1 | 1 | 5.61 | 8.89 |
| Philosophy | 0 | 1 | 0 | 0 | 10 | 51 | 51.00 | 0 | 1 | 6.85 | 11.43 |
| Religion | 0 | 2 | 2 | 0 | 10 | 78 | 92.50 | 0 | 1 | 3.41 | 7.22 |
| Fine Arts - Other | 0 | 1 | 1 | 0 | 5 | 63 | 63.00 | 1 | 1 | 5.02 | 11.11 |